| 000 | 00820cam a22002413a 4500 | ||
|---|---|---|---|
| 001 | 17120 | ||
| 003 | PGUSA | ||
| 005 | 20140828083350.0 | ||
| 008 | 051120s2005||||xxu|||||s|||||000 | eng d | ||
| 040 |
_aPGUSA _beng |
||
| 042 | _adc | ||
| 050 | 4 | _aPR | |
| 100 | 1 |
_aOliphant, Laurence, _d1829-1888 |
|
| 245 | 1 | 0 |
_aFashionable Philosophy, and Other Sketches _h[electronic resource] / _cLaurence Oliphant |
| 260 |
_bProject Gutenberg, _c2005 |
||
| 505 | 0 | _aFashionable philosophy -- The brigand's bride: a tale of southern Italy -- The sisters of Thibet -- Adolphus: a comedy of affinities. | |
| 506 | _aPublic domain in the USA. | ||
| 516 | _aElectronic text | ||
| 653 | _aEnglish literature -- 19th century | ||
| 830 | 0 |
_aProject Gutenberg _v17120 |
|
| 856 | 4 | 0 | _uhttp://www.gutenberg.org/ebooks/17120 |
| 942 | _cEB | ||
| 999 |
_c246375 _d246375 |
||